Statistics for NBA 2018-19 Players By Letter - D

Click here to take the quiz!

General Stats

  • This quiz has been taken 55 times
  • The average score is 9 of 24

Answer Stats

PlayerPosTm% Correct
Anthony DavisCNOP
85%
Ed DavisCBRK
85%
Tyler DavisCOKC
85%
Kevin DurantSFGSW
70%
Andre DrummondCDET
64%
Goran DragicPGMIA
55%
Luka DoncicSFDAL
55%
Spencer DinwiddiePGBRK
49%
DeMar DeRozanSGSAS
47%
Dewayne DedmonCATL
40%
Gorgui DiengCMIN
38%
Kris DunnPGCHI
38%
Luol DengSFMIN
32%
Matthew DellavedovaPGCLE
32%
Troy DanielsSGPHO
32%
Jared DudleyPFBRK
21%
Cheick DialloPFNOP
17%
Donte DiVincenzoSGMIL
17%
Hamidou DialloSGOKC
17%
Damyean DotsonSGNYK
9%
Sam DekkerSFWAS
9%
Marcus DerricksonSFGSW
6%
PJ DozierPGBOS
4%
Tyler DorseySGATL
4%

Score Distribution

Percentile by Number Answered

Percent of People with Each Score

Your Score History

You have not taken this quiz